| 000 | 00575nam a22001937a 4500 | ||
|---|---|---|---|
| 003 | OSt | ||
| 005 | 20251205014345.0 | ||
| 008 | 251205b |||||||| |||| 00| 0 eng d | ||
| 020 | _a978-971-93418-8-8. | ||
| 040 |
_aDWCL-Admin lib _cOC |
||
| 082 | _aFil. 941.25 R627m 2010 | ||
| 100 | _aGuerrero, Leon Ma. | ||
| 245 |
_aNoli me Tangere / _cLeon Ma. Guerrero |
||
| 260 |
_a[Manila} : _bGuerrero Pub. , Inc. , _cc2010 |
||
| 300 |
_a xxx, 470 p. ; _c23 cm. |
||
| 650 | _a1. Noli Me tangere-Translations. | ||
| 700 | _aRizal, Jose | ||
| 942 |
_2ddc _cBK - FIL _e4rth ed. _kFil. _n0 |
||
| 999 |
_c6899 _d6899 |
||